Classic Sega Genesis Games by Screenshot - Statistics

General Stats
  • This quiz has been taken 312 times
  • The average score is 12 of 20
Answer Stats
Picture Answer % Correct
Sonic the Hedgehog 2
100%
Mortal Kombat II
96%
Aladdin
94%
Castle of Illusion
82%
Jurassic Park
82%
Earthworm Jim
74%
Ecco the Dolphin
72%
NBA Jam
68%
Streets of Rage 2
66%
Michael Jackson's Moonwalker
60%
X-Men
55%
Altered Beast
54%
The Revenge of Shinobi
53%
QuackShot starring Donald Duck
49%
Ghouls 'n Ghosts
45%
ToeJam & Earl
45%
Comix Zone
40%
Ristar
37%
Phantasy Star II
32%
Crusader of Centy
11%
No matching quizzes found
Score Distribution
Percent of People with Each Score
Percentile by Number Answered
Your Score History
You have not taken this quiz